000 00469nam a22001577a 4500
999 _c24752
_d24752
003 NUST
008 150326b xxu||||| |||| 00| 0 eng d
020 _a139781259002281
_cAvailable
038 _aNusrat Nadeem
082 _a519.0283 HEA
245 _aScientific Computing An Introductory Survey
_cHeath Michael T
_hEnglish
250 _a2nd, Indian Edition
260 _aNew Delhi (India)
_bTata McGraw-Hill
_c2011
538 _iSupercomputing Lab
942 _2ddc
_cBK